000 00660nam a22002417a 4500
003 BCEG
005 20260309140044.0
008 260309s2006 mx|||||| |||| 00| 0 spa d
020 _a9685343608
040 _aBCEG
_bspa
_cBCEG
082 0 4 _a635.9
_bM994a
245 0 0 _aMéxico
_b: aroma y color.
260 _aMéxico :
_bHSBC México,
_c2006.
300 _a185 p.
_b: il., fots.
541 _aDonación.
650 1 4 _aFlores
_zMéxico.
650 1 4 _aPlantas aromáticas.
700 1 _aRodríguez, Clementina,
_ecoord.
700 1 _aPatiño García, Graciela,
_ecoord.
700 1 _aChabaud, Elsa,
_efot.
700 1 _aÁvila, Plinio,
_eil.
942 _cBK
999 _c437093
_d437093